000 00411nam a2200181Ia 4500
005 20240823010219.0
008 240823s9999||||xx |||||||||||||| ||und||
041 _aENGLISH
082 _A420 N9
100 _aSubrahmanian K
245 0 _aKnow Tour English Vol 2
250 _a1st
260 _c1999
_b"Oxford,new York"
500 _aTransfered
650 _aENG
_bEnglish
942 _cBK
999 _c157972
_d157972